| Registos Bibliográficos associados ao registo de autoridade |
|
Etiqueta de registo: 00753cam 2200265 450 001 526323 003 http://id.bnportugal.gov.pt/bib/catbnp/526323 005 19990103000000.0 021 ## $aPT$b78553/94 095 ## $aPTBN00729373 100 ## $a19950512d1994 k y0pory0103 ba 101 0# $apor 102 ## $aPT 105 ## $ay z 001gy 106 ## $ar 200 1# $aCom segredos e silêncios$fRui Duarte Rodrigues 210 #9 $aAngra do Heroísmo$cInstituto Açoreano de Cultura,$d1994 215 ## $a50, [6] p.$d22 cm 225 2# $aInsula.$iNova série$v8 675 ## $a821.134.3-1"19"$vBN$zpor$3288131 700 #1 $aRodrigues,$bRui Duarte,$f1951-2004$3176995 801 #0 $aPT$bBN$gRPC 966 ## $c2$lBN$mFGMON$sL. 50835 V.$x1 966 ## $c2$lBN$mFGMON$sL. 50835 V.$x1
Etiqueta de registo: 00753nam 2200265 450 001 2285775 003 http://id.bnportugal.gov.pt/bib/catbnp/2285775 010 ## $a978-989-8225-90-0 021 ## $aPT$b555636/25 100 ## $a20260505d2025 m y0pory01030103ba 101 0# $apor 102 ## $aPT 105 ## $ay z 000gy 106 ## $ar 200 1# $aMeu poema é isto$fRui Duarte Rodrigues$gcoord. Luiz Fagundes Duarte 210 #9 $aAngra do Heroísmo$cInstituto Açoreano de Cultura,$d2025 215 ## $a150, [1] p.$d21 cm 225 2# $aPoesia$v6 675 ## $a821.134.3-1"19"$vBN$zpor$3288131 700 #1 $aRodrigues,$bRui Duarte,$f1951-2004$3176995 702 #1 $aDuarte,$bLuís Fagundes,$f1954-$4340$376540 801 #0 $aPT$bBN$gRPC 856 41 $uhttp://rnod.bnportugal.gov.pt/ImagesBN/winlibimg.aspx?skey=&doc=2285775&img=223618&save=true 900 ## $aBIBNAC$d20260703 966 ## $lBN$mFGMON$sL. 182149 V.$x1 966 ## $lBN$mFGMON$sL. 182149 V.-D$x1 971 ## $cssilva$d20260505 972 ## $e0$z0$d20260703$vasantos 973 ## $csteixeira$d20260619
|
|
|